| 000 | 00568nam a2200181 i 4500 | ||
|---|---|---|---|
| 001 | 61286 | ||
| 003 | ES-MaACL | ||
| 005 | 20230906164424.0 | ||
| 007 | t| | ||
| 008 | 031111s1968 sp ||||1| spa d | ||
| 100 | 1 |
_aEvans, Walter H. _948375 |
|
| 245 | 1 | 0 |
_aIntroducción a la electrónica / _cpor Walter H. Evans ; [traducción Fernando Calvo Canales]. |
| 250 | _a[1ª ed.]. | ||
| 260 |
_aMadrid, etc. : _bAlhambra, _c[1968] |
||
| 300 |
_aXV, 475 p. : _bil., gráf. ; _c25 cm. |
||
| 700 | 1 |
_aCalvo Canales, Fernando. _933874 |
|
| 852 |
_aES-MaACL _jC-34911 _bR.68211 |
||
| 999 |
_c61286 _d61286 |
||